IIHF 2022 men's world ranking - Statistics

General Stats
  • This quiz has been taken 93 times
  • The average score is 21 of 25
Answer Stats
Hint Answer % Correct
2 Canada
100%
1 Finland
100%
4 United States
100%
5 Sweden
98%
11 Latvia
97%
12 Norway
95%
7 Czechia
93%
9 Germany
93%
18 Great Britain
93%
8 Slovakia
93%
10 Denmark
92%
3 Russia
92%
6 Switzerland
92%
13 France
90%
17 Austria
88%
16 Italy
88%
22 Poland
82%
19 Slovenia
82%
15 Kazakhstan
80%
21 Hungary
78%
25 Japan
78%
14 Belarus
73%
24 Lithuania
73%
23 Romania
57%
20 Korea
20%
No matching quizzes found
Score Distribution
Percent of People with Each Score
Percentile by Number Answered
Your Score History
You have not taken this quiz